Elementary accounting : (Record no. 557)

MARC details
000 -LEADER
fixed length control field 00640nam a22002057a 4500
005 - DATE AND TIME OF LATEST TRANSACTION
control field 20230608064524.0
008 - FIXED-LENGTH DATA ELEMENTS--GENERAL INFORMATION
fixed length control field 230117b |||||||| |||| 00| 0 eng d
020 ## - INTERNATIONAL STANDARD BOOK NUMBER
International Standard Book Number 971-12-0218-2
082 ## - DEWEY DECIMAL CLASSIFICATION NUMBER
Classification number Fil. 657.042 F897 1998
100 ## - MAIN ENTRY--PERSONAL NAME
Personal name Frias, Solita A.
Relator term author
245 ## - TITLE STATEMENT
Title Elementary accounting :
Remainder of title partnership and corporation /
Statement of responsibility, etc. Solita A. Frias, Consolacion L. Fajardo
250 ## - EDITION STATEMENT
Edition statement 3rd ed.
260 ## - PUBLICATION, DISTRIBUTION, ETC.
Place of publication, distribution, etc. Makati City:
Name of publisher, distributor, etc. Goodwill Bookstore,
Date of publication, distribution, etc. c1998.
300 ## - PHYSICAL DESCRIPTION
Extent xi, 295p.
504 ## - BIBLIOGRAPHY, ETC. NOTE
Bibliography, etc. note Includes index
541 ## - IMMEDIATE SOURCE OF ACQUISITION NOTE
Accession number 5373
650 ## - SUBJECT ADDED ENTRY--TOPICAL TERM
Topical term or geographic name entry element Accounting
650 ## - SUBJECT ADDED ENTRY--TOPICAL TERM
Topical term or geographic name entry element Corporations - Accounting
700 ## - ADDED ENTRY--PERSONAL NAME
Personal name Fajardo, Consolacion L.
Relator term author
Holdings
Withdrawn status Lost status Source of classification or shelving scheme Damaged status Not for loan Home library Current library Date acquired Total Checkouts Full call number Barcode Date last seen Copy number Price effective from Koha item type
    Dewey Decimal Classification     ctu-moalboal ctu-moalboal 05/03/2018   Fil. 657.042 F897 1998 5373 01/17/2023 1 01/17/2023 Books-Filipiniana